Conversations with myself / (Record no. 15840)

000 -LEADER
fixed length control field 02737nam a2200325 a 4500
001 - CONTROL NUMBER
control field ASIN0230749011
005 - DATE AND TIME OF LATEST TRANSACTION
control field 20170105102926.0
008 - FIXED-LENGTH DATA ELEMENTS--GENERAL INFORMATION
fixed length control field 131212s2010 xxu eng d
020 ## - INTERNATIONAL STANDARD BOOK NUMBER
International Standard Book Number 0230749011 (hardcover)
Terms of availability $33.25
020 ## - INTERNATIONAL STANDARD BOOK NUMBER
International Standard Book Number 9780230749016 (hardcover)
040 ## - CATALOGING SOURCE
Original cataloging agency 0
050 04 - LIBRARY OF CONGRESS CALL NUMBER
Classification number DT1974
082 04 - DEWEY DECIMAL CLASSIFICATION NUMBER
Classification number 968.065092
Author Mark MAN 2010
100 1# - MAIN ENTRY--PERSONAL NAME
Personal name Mandela, Nelson.
245 10 - TITLE STATEMENT
Title Conversations with myself /
Statement of responsibility, etc. Nelson Mandela.
250 ## - EDITION STATEMENT
Edition statement Unabridged.
260 ## - PUBLICATION, DISTRIBUTION, ETC.
Place of publication, distribution, etc. [S.l.] :
Name of publisher, distributor, etc. MacMillan,
Date of publication, distribution, etc. 2010.
300 ## - PHYSICAL DESCRIPTION
Extent 454 p. ;
Dimensions 24 cm.
500 ## - GENERAL NOTE
General note Unabridged.
520 ## - SUMMARY, ETC.
Summary, etc. Conversations With Myself is a moving collection of letters, diary entries and other writing that provides a rare chance to see the other side of Nelson Mandela's life, in his own voice: direct, clear, private. An international bestseller, Conversations With Myself is an intensely personal book that complements his autobiography Long Walk to Freedom. In his foreword to Nelson Mandela's book, President Barack Obama writes: 'Conversations With Myself does the world an extraordinary service in giving us [a] picture of Mandela the man.' Conversations With Myself gives readers insight to the darkest hours of Nelson Mandela's twenty-seven years of imprisonment and his troubled dreams in his cell on Robben Island. It contains the draft of an unfinished sequel to Long Walk to Freedom, notes from Madiba's famous speeches, and even doodles made during meetings. There are photos from his life, journals written while on the run during the anti-apartheid struggles of the early 1960s, and conversations with friends in almost 70 hours of recorded interviews. An intimate journey from the first stirrings of his political conscience to his galvanizing role on the world stage, Conversations With Myself is an extraordinary glimpse of the man behind one of the world's most beloved public figures. 'More revealing of the man than his autobiography Long Walk to Freedom -- and in many respects more moving as well' F.W. De Klerk 'A book that breaks the heart and then makes it sing' Andrew Rawnsley, Observer Books of the Year 'Intensely moving, raw and unmediated, told in real time with all the changes in perspective that brings, over the years, mixing the prosaic with the momentous. Health concerns, dreams, political initiatives spill out together, to provide the fullest picture yet of Mandela.' Peter Godwin, Observer.
650 #0 - SUBJECT ADDED ENTRY--TOPICAL TERM
Topical term or geographic name entry element Apartheid
650 #0 - SUBJECT ADDED ENTRY--TOPICAL TERM
Topical term or geographic name entry element Heads of state
650 #0 - SUBJECT ADDED ENTRY--TOPICAL TERM
Topical term or geographic name entry element Mandela, Nelson, 1918-
650 #0 - SUBJECT ADDED ENTRY--TOPICAL TERM
Topical term or geographic name entry element Political prisoners
650 #0 - SUBJECT ADDED ENTRY--TOPICAL TERM
Topical term or geographic name entry element Political science
650 #0 - SUBJECT ADDED ENTRY--TOPICAL TERM
Topical term or geographic name entry element Presidents
650 #0 - SUBJECT ADDED ENTRY--TOPICAL TERM
Topical term or geographic name entry element South Africa
856 40 - ELECTRONIC LOCATION AND ACCESS
Materials specified Amazon.com
Uniform Resource Identifier <a href="http://www.amazon.com/exec/obidos/ASIN/0230749011/chopaconline-20">http://www.amazon.com/exec/obidos/ASIN/0230749011/chopaconline-20</a>
942 ## - ADDED ENTRY ELEMENTS (KOHA)
Source of classification or shelving scheme
Koha item type Book
Holdings
Withdrawn status Lost status Damaged status Not for loan Collection code Permanent Location Current Location Shelving location Date acquired Total Checkouts Full call number Barcode Date last seen Price effective from Koha item type
          Centre for International Peace & Stability (CIPS) Centre for International Peace & Stability (CIPS) General Stacks 10/02/2013   968.065092 MAN 2010 CIPS0001199 12/12/2013 12/12/2013 Book
© 2023 Central Library, National University of Sciences and Technology. All Rights Reserved.